000 00377nam a2200157Ia 4500
008 200103s9999||||xx |||||||||||||| ||und||
020 _a9788131710562
040 _aIMU-MPC
082 _aColumn-62
100 _aShah, M. B. and Rana, B. C.
245 0 _aEngineering Drawing
250 _a2nd ed.
260 _bPearson, London
_c2009
300 _axxviii, 551
942 _cBK
999 _c11151
_d11151